Der Taumel /

Hlavní autor: Moníková, Libuše, 1945-1998
Jazyk: Němčina
Vydáno: München : Carl Hanser, 1991
Témata:
Fyzický popis: 191 s.
Knihy
Uloženo v:
LEADER 00681nam a2200217 4500
001 000988990
003 CZ BrMZK
005 20190125134916.0
008 010825s1991 gw f ger
020 |a 3-446-19849-0 
040 |a BOA001  |b cze 
100 1 |a Moníková, Libuše,  |d 1945-1998  |7 jn19990209559 
245 1 4 |a Der Taumel /  |c Libuše Moníková 
260 |a München :  |b Carl Hanser,  |c 1991 
300 |a 191 s. 
541 |a 20.11.2000 
655 7 |a romány  |7 fd133289  |2 czenas 
910 |a BOA001  |b NK-0004.078 
990 |a BK 
991 |z 000033089  |x 44 
996 7 |b 261D005352  |c NK-0004.078  |l Německá knihovna/2.patro  |r ZHR  |n 11  |p {B-04.078}  |h B-mon  |w 000988990  |u 000010  |a 0  |e BOA001  |j MZK50  |s A